000 00323 a2200121 4500
001 155208
040 _cEscola São Tomás de Aquino
240 1 0 _aTesouros da terra: minerais e pedras preciosas
_lpor
245 1 0 _aTesouros da terra: minerais e pedras preciosas
440 1 _aGlobo
697 _aGENERALIDADES
942 _cBK
999 _c155208
_d155208